000 00371 a2200145 4500
020 _aN/S
040 _aISPLB
082 _b34
100 _91040
_aSEIXAS,Hersilia
245 _aA Propriedade Horizontal (Relaò‡es entre os condominos e as regras de condominio )
260 _aLuanda,
_bLetras Literadas
_c2025.
300 _a136p
650 _aDireito
942 _cLivros
999 _c2213
_d2213